000 00328nam a2200133Ia 4500
008 240624s9999 xx 000 0 und d
041 _aeng
082 _a005.1 BRA
100 _aBRAUDE ERIC J
245 _aSOFTWARE DESIGN FROM PROGRAMMING TO ARCH
260 _c2004
_aSingapore
_bJohn Wiley
300 _axx, : 550
365 _cRS
999 _c1362
_d1362